Felices para siempre / (Registro nro. 9437)

Detalles MARC
000 -LIDER
fixed length control field 00911nam a22003017a 4500
001 - NÚMERO DE CONTROL
Identificador de número de control 000209
003 - IDENTIFICACDOR DE NÚMERO DE CONTROL
control field DO-SdBNP
005 - DATE AND TIME OF LATEST TRANSACTION
control field 20180124152440.0
007 - CAMPOS FIJOS DE DESCRIPCIÓN FÍSICA
fixed length control field 000209
008 - ELEMENTOS DE LONGITUD FIJA
fixed length control field 151210b 1984 mx a 00| 0 spa d
020 ## - ISBN
International Standard Book Number 0816399018
040 ## - FUENTE DE CATALOGACIÓN
Agencia que crea de manera original el registro BPMSU
Idioma de catalogación spa
Agencia que realiza la transcripción BPMSU
092 ## - LOCALLY ASSIGNED DEWEY DECIMAL CALL NUMBER
Número de clasificación xxxx
Número de ítem (Cutter) xxxx
100 1# - ASIENTO PRINCIPAL -- NOMBRE PERSONAL
Nombre personal Van Pelt, Nancy
240 13 - TITULO UNIFORME
Título uniforme To have and to hold
245 10 - MENCIÓN DE TITULO
Título Felices para siempre /
Mención de responsabilidad Nancy Van Pelt ; traducción Sergio V. Collins ; ilustraciones Tim Adams...[et al]
246 12 - VARIACION DEL TÍTULO
Título propiamente dicho o título corto Felices para siempre
Subtítulo guía para un matrimonio de exito
250 ## - MENCIÓN DE EDICION
Mención de edición 2a. ed.
260 ## - PUBLICACIÓN, DISTRIBUCIÓN, ETC. (PIE DE IMPRENTA)
Lugar de publicación, distribución, etc México ;
Nombre del editor, distribuidor, etc. Publicaciones interamericanas,
Fecha de publicación, distribución, etc 1984.
Impresor Corripio
300 ## - DESCRIPCIÓN FÍSICA
Extensión 192 p.;
Otros detalles físicos il.
Dimensiones 25 cm.
700 12 - ASIENTO SECUNDARIO -- NOMBRE PERSONAL
Nombre personal Collins, Sergio V.
Mención de responsabilidad trad.
700 12 - ASIENTO SECUNDARIO -- NOMBRE PERSONAL
Nombre personal Adams, Tim
Mención de responsabilidad il.
700 12 - ASIENTO SECUNDARIO -- NOMBRE PERSONAL
Nombre personal Hester, Ronald
Mención de responsabilidad il.
910 ## - VALIDACIÓN
Validación 00144
942 ## - ADDED ENTRY ELEMENTS (KOHA)
Source of classification or shelving scheme Dewey Decimal Classification
Koha item type Libros
945 ## - INFORMACIÓN DE PROCESAMIENTO LOCAL
Información de procesamiento local Inventariado, 2018 / YL
956 ## - LOCAL ELECTRONIC LOCATION AND ACCESS (OCLC)
Nombre de host YLOCKWARD
Número de acceso 10
Información de compresión BPMSU
Existencias
Withdrawn status Lost status Source of classification or shelving scheme Damaged status Not for loan Home library Current library Date acquired Source of acquisition Total Checkouts Barcode Date last seen Price effective from Koha item type
    Dewey Decimal Classification     Biblioteca Pública Metropolitana Salomé Ureña Biblioteca Pública Metropolitana Salomé Ureña 03/30/2016 Donación   BPMSU16030319 03/30/2016 03/30/2016 Libros